[Event "WEM KT 2016"]
[Site "?"]
[Date "2016.08.27"]
[Round "1.1"]
[White "Lelumees, Brait"]
[Black "Löwe, Joachim"]
[Result "1-0"]
[WhiteElo "2213"]
[BlackElo "1886"]
[PlyCount "80"]
[EventDate "2016.??.??"]
[WhiteTeam "SK Schwäbisch Hall"]
[BlackTeam "SK Schmiden/Cannstatt"]

1. e4 c6 2. d4 d5 3. Nc3 dxe4 4. Nxe4 Nf6 5. Nxf6+ exf6 6. Be2 Be6 7. Be3 Bd6
8. Nf3 O-O 9. O-O Qc7 10. c4 Bf5 11. Qc1 Qe7 12. Re1 Re8 13. Bf4 Bb4 14. Nd2
Qd7 15. a3 Bd6 16. Be3 Na6 17. c5 Bc7 18. Nb1 Rad8 19. Nc3 Bb8 20. Bxa6 Qc7 21.
g3 bxa6 22. f3 h5 23. Qd2 Qd7 24. Bf2 Rxe1+ 25. Rxe1 Re8 26. Rxe8+ Qxe8 27. Qe2
Qd7 28. Qxa6 Kh7 29. Qe2 Qc7 30. b4 h4 31. f4 Qd7 32. a4 h3 33. b5 g6 34. Qf3
Qe6 35. d5 cxd5 36. Nxd5 Be4 37. Qxe4 Qc8 38. Nxf6+ Kh6 39. Qe8 Qb7 40. Be3 Qc8
1-0

[Event "WEM KT 2016"]
[Site "?"]
[Date "2016.08.27"]
[Round "1.2"]
[White "Reindl, Arno"]
[Black "Gustain, Marc"]
[Result "0-1"]
[WhiteElo "1809"]
[BlackElo "2131"]
[PlyCount "64"]
[EventDate "2016.??.??"]
[WhiteTeam "SG Schwäbisch Gmünd"]
[BlackTeam "SF Deizisau"]

1. e4 c5 2. Nf3 d6 3. c3 Nf6 4. Bd3 Nc6 5. O-O Bg4 6. Na3 a6 7. Nc4 e6 8. Ne3
Bh5 9. Re1 Be7 10. Nf1 O-O 11. Ng3 Bxf3 12. gxf3 Qc7 13. Bc2 d5 14. d3 d4 15.
f4 Rad8 16. Kh1 c4 17. e5 cxd3 18. Bxd3 Ne8 19. Qc2 g6 20. Rg1 Ng7 21. cxd4
Rxd4 22. Be3 Rd7 23. Rac1 Qa5 24. a3 Rfd8 25. Be4 Nd4 26. Qc4 b5 27. Qf1 Qa4
28. Qh3 Qb3 29. f5 exf5 30. Bxf5 Ndxf5 31. Nxf5 Qd5+ 32. Rg2 Nxf5 0-1

[Event "WEM KT 2016"]
[Site "?"]
[Date "2016.08.27"]
[Round "1.3"]
[White "Heining, Thomas"]
[Black "Schömbs, Oliver"]
[Result "0-1"]
[WhiteElo "2122"]
[BlackElo "1874"]
[PlyCount "102"]
[EventDate "2016.??.??"]
[WhiteTeam "SC Böblingen"]
[BlackTeam "SC Ingersheim"]

1. e4 e5 2. Nf3 Nc6 3. Bc4 Bc5 4. c3 Nf6 5. d3 d5 6. exd5 Nxd5 7. O-O O-O 8.
Re1 Kh8 9. Nxe5 Nxe5 10. Rxe5 Bxf2+ 11. Kxf2 Qf6+ 12. Qf3 Qxe5 13. Bxd5 c6 14.
Bb3 Qxh2 15. Bf4 Qh1 16. g3 Qxf3+ 17. Kxf3 h5 18. Nd2 Bg4+ 19. Kf2 f6 20. Nc4
g5 21. Bd6 Rfe8 22. Bd1 Rad8 23. Bxg4 hxg4 24. Bc5 Rxd3 25. Bd4 Rf3+ 26. Kg2 b5
27. Na5 Re2+ 28. Kh1 c5 29. Bxc5 Rxg3 30. Rf1 Rh3+ 31. Kg1 g3 32. Bd4 g2 33.
Bxf6+ Kh7 34. Rf2 Rxf2 35. Kxf2 Rf3+ 36. Kxg2 Rxf6 37. Nb3 Kg6 38. Nd4 a6 39.
Kg3 Kh5 40. Nb3 Rd6 41. Nc5 a5 42. a4 Rd5 43. Ne4 Rd3+ 44. Kf2 bxa4 45. Ke2 Rd8
46. Nc5 Kh4 47. Nxa4 g4 48. Nc5 g3 49. Kf3 Rf8+ 50. Kg2 Rf2+ 51. Kg1 Rxb2 0-1

[Event "WEM KT 2016"]
[Site "?"]
[Date "2016.08.27"]
[Round "1.4"]
[White "Ruff, Robert"]
[Black "Muschkowski, Jürgen"]
[Result "0-1"]
[WhiteElo "1864"]
[BlackElo "2090"]
[PlyCount "96"]
[EventDate "2016.??.??"]
[WhiteTeam "SK Sachsenheim"]
[BlackTeam "SV Balingen"]

1. d4 g6 2. c4 Bg7 3. Nc3 c5 4. d5 Bxc3+ 5. bxc3 f5 6. Nf3 d6 7. e3 Qa5 8. Bb2
Nf6 9. Be2 Ne4 10. Qc2 Nd7 11. O-O Ndf6 12. Nd2 Nxd2 13. Qxd2 Bd7 14. a4 O-O-O
15. f3 e5 16. Rfb1 Rde8 17. Bc1 e4 18. f4 h6 19. Rb3 Re7 20. Qb2 Be8 21. Bd2
Qc7 22. a5 g5 23. Rf1 Rg7 24. a6 b6 25. Kh1 gxf4 26. Rxf4 Rhg8 27. Rf2 Nd7 28.
Qa1 Ne5 29. Rb1 Bd7 30. Rbf1 Qd8 31. Be1 Qg5 32. Qc1 h5 33. Rg1 Ng6 34. Rff1 h4
35. h3 Qh6 36. Kh2 Rh8 37. Bf2 Ne5 38. Be1 Ng4+ 39. hxg4 fxg4 40. Rh1 g3+ 41.
Kg1 h3 42. Rf4 h2+ 43. Kf1 Bh3 44. Bg4+ Rxg4 45. Rxg4 Bxg2+ 46. Ke2 Qh5 47.
Bxg3 Qxg4+ 48. Kd2 Qxg3 0-1

[Event "WEM KT 2016"]
[Site "?"]
[Date "2016.08.27"]
[Round "1.5"]
[White "Schaffert, Walter"]
[Black "Handel, Oliver"]
[Result "1-0"]
[WhiteElo "2069"]
[BlackElo "1854"]
[PlyCount "71"]
[EventDate "2016.??.??"]
[WhiteTeam "SG Ludwigsburg"]
[BlackTeam "SF Kornwestheim"]

1. e4 c5 2. Nf3 d6 3. Bb5+ Bd7 4. Bxd7+ Nxd7 5. O-O Ngf6 6. Re1 e6 7. c4 Be7 8.
d4 cxd4 9. Nxd4 a6 10. Nc3 O-O 11. b3 Rc8 12. Bb2 Ne5 13. f4 Nc6 14. Kh1 Nd7
15. Nf3 h6 16. g4 g6 17. Qd2 Kh7 18. Rad1 e5 19. Nd5 Bh4 20. Rg1 exf4 21. Qxf4
Nde5 22. Nxh4 Qxh4 23. Nf6+ Kg7 24. Rxd6 Rfd8 25. Bxe5 Nxe5 26. Qxe5 Rxd6 27.
Ne8+ Kf8 28. Nxd6 Qf2 29. Qh8+ Ke7 30. Nxc8+ Kd7 31. Rd1+ Kc6 32. Qe8+ Kc7 33.
Qd8+ Kb8 34. Ne7+ Ka7 35. Nc6+ bxc6 36. Rd7# 1-0

[Event "WEM KT 2016"]
[Site "?"]
[Date "2016.08.27"]
[Round "1.6"]
[White "Kaiser, Andreas"]
[Black "Fuß, Klaus"]
[Result "0-1"]
[WhiteElo "1847"]
[BlackElo "2055"]
[PlyCount "170"]
[EventDate "2016.??.??"]
[WhiteTeam "SV Nürtingen"]
[BlackTeam "SG Turm Albstadt"]

1. d4 Nf6 2. Nf3 e6 3. Bg5 c5 4. c3 Nc6 5. e3 d5 6. Bd3 Qb6 7. Qb3 c4 8. Qxb6
axb6 9. Bc2 b5 10. Nbd2 h6 11. Bxf6 gxf6 12. e4 Bd6 13. O-O h5 14. Rfe1 Kf8 15.
Nh4 Bf4 16. Ndf3 dxe4 17. Rxe4 Bd6 18. Ree1 Ne7 19. a3 Bd7 20. g3 Rg8 21. Be4
f5 22. Bc2 f6 23. Ng2 Kf7 24. Nfh4 f4 25. Bd1 Rg5 26. Nf3 Rg7 27. Nfh4 Rh8 28.
Bf3 Bc6 29. Bxc6 bxc6 30. Kh1 Nd5 31. Re4 f5 32. Ree1 Nf6 33. Nf3 Ne4 34. Kg1
Rhg8 35. Ne5+ Bxe5 36. dxe5 Ng5 37. Nh4 fxg3 38. fxg3 f4 39. Rf1 Ke7 40. a4
fxg3 41. axb5 cxb5 42. Ra7+ Kd8 43. Rd1+ Kc8 44. Ra8+ Kc7 45. Ra7+ Kb6 46. Rxg7
Rxg7 47. Rd6+ Kc5 48. hxg3 Ra7 49. Kg2 Ra2 50. Rd2 Ne4 51. Rc2 Kd5 52. Ng6 b4
53. Ne7+ Kc5 54. cxb4+ Kxb4 55. Nc6+ Kc5 56. Kf3 Ng5+ 57. Kf4 Nh3+ 58. Ke4 Kxc6
59. Rxc4+ Kd7 60. b4 Re2+ 61. Kd4 Nf2 62. Rc1 Re4+ 63. Kc3 Rxe5 64. Rc2 Ng4 65.
Kd3 Re3+ 66. Kd4 e5+ 67. Kc5 Kc7 68. b5 Rxg3 69. Kd5+ Kb6 70. Rc8 Kxb5 71. Rb8+
Ka6 72. Rh8 Re3 73. Ke6 Rh3 74. Kf5 Kb5 75. Ke4 Kc5 76. Rc8+ Kd6 77. Rh8 Ke6
78. Rh6+ Kf7 79. Ra6 h4 80. Kf5 Rg3 81. Ra7+ Kg8 82. Kg6 Nf2+ 83. Kh5 h3 84.
Ra1 h2 85. Kh4 Rg1 0-1

[Event "WEM KT 2016"]
[Site "?"]
[Date "2016.08.27"]
[Round "1.7"]
[White "Müller, Thomas"]
[Black "Baars, Mario"]
[Result "1/2-1/2"]
[WhiteElo "2027"]
[BlackElo "1741"]
[PlyCount "69"]
[EventDate "2016.??.??"]
[WhiteTeam "SV Schömberg"]
[BlackTeam "SG Schwäbisch Gmünd"]

1. d4 Nf6 2. Nf3 e6 3. e3 c5 4. Bd3 cxd4 5. exd4 b6 6. Bg5 Be7 7. Nbd2 Bb7 8.
O-O O-O 9. c3 Nc6 10. Ne5 d6 11. Nxc6 Bxc6 12. f4 h6 13. Bh4 Nd5 14. Bxe7 Qxe7
15. Qe2 Rae8 16. Rae1 Qh4 17. g3 Qd8 18. Bb5 Qc7 19. Qc4 Bxb5 20. Qxb5 Qb7 21.
Re2 Nf6 22. Rfe1 Rd8 23. Ne4 Nd5 24. Nd2 Nf6 25. f5 a6 26. Qb3 exf5 27. Re7 Rd7
28. Rxd7 Qxd7 29. Qxb6 f4 30. Ne4 Nxe4 31. Rxe4 fxg3 32. hxg3 Qf5 33. Re3 Qb1+
34. Kf2 Qxa2 35. Re2 1/2-1/2

[Event "WEM KT 2016"]
[Site "?"]
[Date "2016.08.27"]
[Round "1.8"]
[White "Yi, Danny"]
[Black "Wolf, Rainer"]
[Result "1/2-1/2"]
[WhiteElo "1835"]
[BlackElo "2013"]
[PlyCount "120"]
[EventDate "2016.??.??"]
[WhiteTeam "SF Kornwestheim"]
[BlackTeam "SC Weiße Dame Ulm"]

1. e4 g6 2. d4 Bg7 3. Nc3 d6 4. Be3 a6 5. Qd2 Nd7 6. f4 b5 7. a3 Bb7 8. Bd3 c5
9. d5 Qa5 10. Nf3 Ngf6 11. O-O Ng4 12. Bf2 Nxf2 13. Rxf2 Nf6 14. Re1 Ng4 15.
Rff1 c4 16. h3 cxd3 17. hxg4 dxc2 18. Qxc2 Rc8 19. Re3 O-O 20. Rc1 Rc7 21. Qd2
Rfc8 22. e5 b4 23. axb4 Qxb4 24. Rd3 dxe5 25. Nxe5 Bxe5 26. fxe5 Qxg4 27. d6
exd6 28. exd6 Rd7 29. Re1 Rcd8 30. Nd5 Bxd5 31. Rxd5 Qc4 32. Rc1 Qb3 33. Kh1
Qb6 34. Rd1 Rb7 35. Rb1 Qb4 36. Qd3 Rbd7 37. Rd1 a5 38. Rd2 Qh4+ 39. Kg1 Qe1+
40. Kh2 a4 41. Qc4 Rxd6 42. Rxd6 Qe5+ 43. Kh1 Rxd6 44. Rxd6 Qxd6 45. Qxa4 h5
46. b4 Qd4 47. Qb3 Qa1+ 48. Kh2 Qe5+ 49. Kg1 Qb5 50. Qa3 Qb6+ 51. Kh1 g5 52.
Qc1 Qb5 53. Qd2 Qe5 54. Kg1 g4 55. Kf2 h4 56. Qd8+ Kg7 57. Qxh4 Qf4+ 58. Ke2
Kg6 59. Qe7 Qc4+ 60. Kf2 Qf4+ 1/2-1/2

[Event "WEM KT 2016"]
[Site "?"]
[Date "2016.08.27"]
[Round "1.9"]
[White "Gehringer, Frank"]
[Black "Zimmermann, Tobias"]
[Result "1-0"]
[WhiteElo "2010"]
[BlackElo "1820"]
[PlyCount "111"]
[EventDate "2016.??.??"]
[WhiteTeam "SC Leinfelden"]
[BlackTeam "SC Botnang"]

1. e4 c5 2. Nf3 d6 3. d4 cxd4 4. Nxd4 Nf6 5. f3 a6 6. c4 e6 7. Be3 Nbd7 8. Nc3
b6 9. Be2 Bb7 10. Qd2 Qc7 11. O-O Rc8 12. Rac1 Be7 13. Rfd1 h5 14. Nc2 Ne5 15.
Na4 Nfd7 16. b4 Qb8 17. Qd4 Nxc4 18. Bxc4 e5 19. Qd3 b5 20. Bxf7+ Kxf7 21. Nc3
Nf6 22. Bd2 Rhd8 23. Ne3 Qa7 24. Kh1 Qd4 25. Qb1 d5 26. Ncxd5 Rxc1 27. Bxc1 Qa7
28. Nxe7 Rxd1+ 29. Nxd1 Kxe7 30. Be3 Qb8 31. Bc5+ Ke8 32. Qb3 Qc8 33. Ne3 g6
34. h3 Qd7 35. Kh2 Kd8 36. Kg3 Qd2 37. Qd1 Qxd1 38. Nxd1 Ke8 39. Kh4 Kf7 40.
Nf2 Ne8 41. Nd3 Kf6 42. a3 Ng7 43. Bd6 g5+ 44. Kg3 Ne6 45. Bxe5+ Kg6 46. h4 g4
47. Nc5 Bc8 48. Nxe6 Bxe6 49. f4 Bc4 50. f5+ Kh6 51. Kf4 Bd3 52. g3 Bc2 53. Bf6
Bb3 54. e5 Bd5 55. e6 Bc6 56. Ke5 1-0

[Event "WEM KT 2016"]
[Site "?"]
[Date "2016.08.27"]
[Round "1.10"]
[White "Engelhardt, Frank"]
[Black "Wendler, David"]
[Result "1-0"]
[WhiteElo "1819"]
[BlackElo "1912"]
[PlyCount "163"]
[EventDate "2016.??.??"]
[WhiteTeam "SC Botnang"]
[BlackTeam "SK Bebenhausen"]

1. e4 c5 2. Nf3 Nc6 3. d4 cxd4 4. Nxd4 g6 5. Nc3 Bg7 6. Be3 Nf6 7. Be2 O-O 8.
Qd2 d5 9. exd5 Nb4 10. d6 exd6 11. Bf3 d5 12. O-O Be6 13. Rad1 Qd7 14. Nxe6
fxe6 15. Bc5 Nc6 16. Bxf8 Rxf8 17. Rfe1 Rd8 18. Qe2 Re8 19. Qb5 Qc7 20. Re2 Ne5
21. Rde1 a6 22. Qa4 Nxf3+ 23. gxf3 Qf7 24. Qf4 Qd7 25. Qg5 Qd6 26. Qg3 Qc6 27.
Qh3 Kf7 28. Qh4 Bf8 29. Nd1 Bd6 30. Ne3 h5 31. c4 d4 32. Qxd4 e5 33. Qd2 Rd8
34. Nd5 Bc7 35. Qh6 Nxd5 36. Qh7+ Kf6 37. cxd5 Rxd5 38. f4 Rd4 39. Rxe5 Bxe5
40. Qh8+ Kf7 41. Qxe5 Qd7 42. h3 Rd1 43. Rxd1 Qxd1+ 44. Kg2 Qd7 45. a3 b5 46.
Kg3 a5 47. f3 a4 48. Kh4 Qd8+ 49. Qg5 Qb6 50. Qd5+ Kg7 51. Qe5+ Kh7 52. f5 Qf2+
53. Kg5 Qg1+ 54. Kf6 Qb6+ 55. Qe6 Qd4+ 56. Qe5 Qh4+ 57. Kf7 Qc4+ 58. Ke7 gxf5
59. Qxf5+ Kh6 60. Qf6+ Kh7 61. Qf7+ Kh6 62. Qxc4 bxc4 63. Kf6 h4 64. Kf5 Kh5
65. f4 Kh6 66. Kg4 Kg6 67. Kxh4 Kf5 68. Kg3 Ke4 69. h4 Kd3 70. h5 Kc2 71. h6
Kxb2 72. h7 c3 73. h8=Q Kb3 74. f5 Kb2 75. f6 c2 76. Qh2 Kb1 77. Qxc2+ Ka1 78.
Qxa4 Ka2 79. f7 Ka1 80. f8=Q Ka2 81. Qc2+ Ka1 82. Qf1# 1-0

[Event "WEM KT 2016"]
[Site "?"]
[Date "2016.08.27"]
[Round "1.12"]
[White "Lahouel, Kim-Luca"]
[Black "Streiter, Manfred"]
[Result "1/2-1/2"]
[WhiteElo "1706"]
[BlackElo "1983"]
[PlyCount "163"]
[EventDate "2016.??.??"]
[WhiteTeam "Heilbronner SV"]
[BlackTeam "SGem Vaihingen-Rohr"]

1. e4 e6 2. d4 d5 3. Nd2 dxe4 4. Nxe4 Bd7 5. Nf3 Bc6 6. Bd3 Nd7 7. O-O Ngf6 8.
Qe2 Bxe4 9. Bxe4 Nxe4 10. Qxe4 c6 11. c4 Nf6 12. Qe2 Be7 13. Bf4 O-O 14. Rfe1
Bb4 15. Red1 Bd6 16. Bg5 h6 17. Bh4 Be7 18. Qc2 Qc7 19. Rac1 Qf4 20. Bg3 Qe4
21. Qb3 b6 22. Re1 Qh7 23. Ne5 Rfc8 24. Qa4 c5 25. Nc6 Bf8 26. Rcd1 Ne4 27. d5
exd5 28. cxd5 Nxg3 29. hxg3 Qg6 30. Qf4 Qd6 31. Qxd6 Bxd6 32. Ne7+ Bxe7 33.
Rxe7 Kf8 34. d6 Rd8 35. Rc7 a5 36. a4 Rac8 37. Rxc8 Rxc8 38. d7 Rd8 39. Rd6 Ke7
40. Rxb6 Rxd7 41. Rb5 Rd1+ 42. Kh2 Ra1 43. Rxa5 c4 44. Ra7+ Kd6 45. Rxf7 Rxa4
46. Rxg7 Rb4 47. Rg6+ Kd5 48. Rxh6 Rxb2 49. f4 c3 50. Rh8 Rb6 51. Rd8+ Rd6 52.
Ra8 Kc4 53. Rc8+ Kd3 54. g4 Rd4 55. f5 Rxg4 56. g3 Rg5 57. f6 Rf5 58. Rc6 c2
59. g4 Rxf6 60. Rxf6 c1=Q 61. Kg3 Qc7+ 62. Kf3 Qe5 63. Rf5 Qe3+ 64. Kg2 Ke4 65.
Kh2 Qh6+ 66. Kg3 Qh1 67. Rf4+ Ke3 68. Rf5 Ke2 69. Rf2+ Ke3 70. Rf5 Qh7 71. Re5+
Kd4 72. Rf5 Ke4 73. Rf4+ Ke3 74. Rf3+ Ke2 75. Rf2+ Ke1 76. Rf5 Qg6 77. Kh3 Ke2
78. Kg3 Qd6+ 79. Kg2 Qc6+ 80. Kh2 Qc3 81. Kg2 Qe3 82. Kh2 1/2-1/2

[Event "WEM KT 2016"]
[Site "?"]
[Date "2016.08.27"]
[Round "1.13"]
[White "Klaiß, Thomas"]
[Black "Reindl, Knut"]
[Result "1/2-1/2"]
[WhiteElo "1981"]
[BlackElo "1791"]
[PlyCount "142"]
[EventDate "2016.??.??"]
[WhiteTeam "SF Dornstetten-Pfalzgrafenweiler"]
[BlackTeam "SG Schwäbisch Gmünd"]

1. d4 d5 2. Nf3 Nf6 3. Bg5 Bf5 4. e3 e6 5. Be2 Be7 6. O-O O-O 7. Nh4 Bg6 8.
Nxg6 hxg6 9. c4 Nbd7 10. Nc3 c5 11. cxd5 Nxd5 12. Bxe7 Nxe7 13. d5 exd5 14.
Nxd5 Nxd5 15. Qxd5 Qc7 16. Rac1 Rac8 17. b3 Nf6 18. Qf3 Rfd8 19. b4 Qe7 20.
bxc5 Rd5 21. c6 Rxc6 22. Rxc6 bxc6 23. Bc4 Rc5 24. Bb3 Qe4 25. Qxe4 Nxe4 26.
Rd1 Kf8 27. f3 Nf6 28. Rd8+ Ke7 29. Ra8 a5 30. Ra7+ Nd7 31. Kf2 f6 32. Ke2 f5
33. f4 Rb5 34. Kd3 Kd6 35. Kd4 Rb4+ 36. Kc3 Rb5 37. Kd4 Rb4+ 38. Kc3 Rb5 39. h3
Ke7 40. Bc4 Rb1 41. Be2 Rc1+ 42. Kd2 Rc5 43. Bf3 Kd6 44. Kd3 Rb5 45. Kc3 Rc5+
46. Kd4 Rb5 47. g4 Rb4+ 48. Kc3 Rb5 49. gxf5 gxf5 50. a4 Rc5+ 51. Kd4 Rc1 52.
Rxa5 Rf1 53. Be2 c5+ 54. Kd3 Rh1 55. Ra6+ Ke7 56. Rg6 Kf7 57. Rg3 Ra1 58. Bh5+
Kf8 59. Bg6 Rxa4 60. Bxf5 Nf6 61. Ke2 Nd5 62. Rf3 Ra2+ 63. Kd3 Ra3+ 64. Ke4
Nc3+ 65. Ke5 Nd1 66. Bg4 Rxe3+ 67. Kd5 Rxf3 68. Bxf3 Nf2 69. Bg2 Kf7 70. Bf1
Kf6 71. Kxc5 g5 1/2-1/2

[Event "WEM KT 2016"]
[Site "?"]
[Date "2016.08.27"]
[Round "1.14"]
[White "Bauer, Dieter"]
[Black "Radek, Dieter"]
[Result "1-0"]
[WhiteElo "1724"]
[BlackElo "1962"]
[PlyCount "77"]
[EventDate "2016.??.??"]
[WhiteTeam "SF Kornwestheim"]
[BlackTeam "SV Oberstenfeld"]

1. e4 c5 2. c3 d5 3. exd5 Qxd5 4. Nf3 Nc6 5. d4 e6 6. Na3 a6 7. Nc4 Qd8 8. Be2
cxd4 9. cxd4 Nf6 10. O-O Be7 11. a3 O-O 12. Re1 b5 13. Nce5 Bb7 14. Bd3 Qd5 15.
Bb1 Rfd8 16. Ba2 Qd6 17. Nxf7 Kxf7 18. Rxe6 Kf8 19. Rxd6 Rxd6 20. Bf4 Rdd8 21.
h3 h6 22. Rc1 Nd5 23. Bg3 Bf6 24. Qd3 Nce7 25. Qb1 Rac8 26. Rxc8 Rxc8 27. Kh2
Rd8 28. Ne5 Kg8 29. Qd3 Kf8 30. Bb1 Nc6 31. Nxc6 Bxc6 32. Qc2 Bb7 33. Be5 Bxe5+
34. dxe5 Re8 35. Qf5+ Ke7 36. Qg6 Kf8 37. Qd6+ Ne7 38. e6 g5 39. Qe5 1-0

[Event "WEM KT 2016"]
[Site "?"]
[Date "2016.08.27"]
[Round "1.15"]
[White "Klaus, Daniel"]
[Black "Mayer, Dietmar"]
[Result "1/2-1/2"]
[WhiteElo "1943"]
[BlackElo "1668"]
[PlyCount "44"]
[EventDate "2016.??.??"]
[WhiteTeam "SC Feuerbach"]
[BlackTeam "SC Böblingen"]

1. e4 d5 2. exd5 Nf6 3. d4 Bg4 4. Be2 Bxe2 5. Qxe2 Qxd5 6. Nf3 e6 7. O-O Nc6 8.
c4 Nxd4 9. Nxd4 Qxd4 10. Rd1 Qe4 11. Be3 Bc5 12. Nc3 Qe5 13. Bxc5 Qxc5 14. Nd5
O-O-O 15. b4 Qf8 16. Nxf6 gxf6 17. c5 Qe7 18. c6 Rxd1+ 19. Rxd1 Qxb4 20. cxb7+
Qxb7 21. Qc2 Rg8 22. g3 f5 1/2-1/2

[Event "WEM KT 2016"]
[Site "?"]
[Date "2016.08.27"]
[Round "1.16"]
[White "Handel, Heinz"]
[Black "Fischer, Dietmar"]
[Result "0-1"]
[WhiteElo "1661"]
[BlackElo "1944"]
[PlyCount "66"]
[EventDate "2016.??.??"]
[WhiteTeam "Rochade Metzingen"]
[BlackTeam "SC Böblingen"]

1. d4 Nf6 2. Nf3 g6 3. Bf4 Bg7 4. c3 d6 5. g3 Nh5 6. Qd2 Nxf4 7. Qxf4 Nd7 8.
Bg2 e5 9. dxe5 dxe5 10. Qd2 Qe7 11. O-O O-O 12. e4 Nc5 13. Qc2 Rd8 14. Na3 Be6
15. Rfd1 Rxd1+ 16. Rxd1 Bxa2 17. b4 Bb3 18. Qb1 Bxd1 19. bxc5 Rd8 20. Qb4 b6
21. cxb6 Qxb4 22. cxb4 axb6 23. Nc4 Be2 24. h4 Bxc4 25. Nh2 Rd1+ 26. Bf1 Bf8
27. Kg2 Bxf1+ 28. Nxf1 Bxb4 29. Ne3 Rd2 30. Nc4 Rd4 31. Nxe5 Rxe4 32. Nd3 c5
33. Kf3 f5 0-1

[Event "WEM KT 2016"]
[Site "?"]
[Date "2016.08.27"]
[Round "1.17"]
[White "Kasüschke, Lars"]
[Black "Tölg, Wolfgang"]
[Result "1-0"]
[WhiteElo "1941"]
[BlackElo "1597"]
[PlyCount "75"]
[EventDate "2016.??.??"]
[WhiteTeam "SG Schwäbisch Gmünd"]
[BlackTeam "SF Oeffingen"]

1. e4 e5 2. Nf3 Nc6 3. Bb5 a6 4. Ba4 Bc5 5. c3 b5 6. Bc2 d6 7. d4 exd4 8. cxd4
Bb6 9. h3 Nf6 10. O-O Bb7 11. Re1 O-O 12. Bg5 h6 13. Bh4 g5 14. Bg3 Re8 15. Nc3
Nb4 16. Bb1 Nc6 17. a3 Kg7 18. Qd3 b4 19. Nd5 Rh8 20. Nxf6 Qxf6 21. e5 dxe5 22.
d5 Rad8 23. Qe4 Rde8 24. dxc6 Bxc6 25. Bxe5 Bxe4 26. Bxf6+ Kxf6 27. Bxe4 a5 28.
axb4 axb4 29. Bd5 Rd8 30. Bb3 Rhf8 31. Rad1 Ra8 32. Rd7 Ra5 33. Ree7 Bc5 34.
Rxf7+ Rxf7 35. Rxf7+ Kg6 36. Ne5+ Kh5 37. g4+ Kh4 38. Kg2 1-0

[Event "WEM KT 2016"]
[Site "?"]
[Date "2016.08.27"]
[Round "1.18"]
[White "Reindl, Jork"]
[Black "Keller, Joachim"]
[Result "0-1"]
[WhiteElo "1436"]
[BlackElo "1901"]
[PlyCount "86"]
[EventDate "2016.??.??"]
[WhiteTeam "SG Schwäbisch Gmünd"]
[BlackTeam "SK Bebenhausen"]

1. e4 e6 2. d4 d5 3. exd5 exd5 4. Nf3 Nf6 5. Be3 Bd6 6. Bd3 O-O 7. O-O c6 8. c3
Bg4 9. Be2 Nbd7 10. Nbd2 Re8 11. h3 Bh5 12. Re1 Ne4 13. Nxe4 dxe4 14. Nd2 Bxe2
15. Qxe2 Re6 16. Qf1 Qe7 17. Nc4 Bc7 18. Qe2 Rg6 19. Nd2 Qh4 20. Kh1 Re8 21. f3
Nf6 22. Bf2 Qg5 23. Be3 Qg3 24. Nf1 Qh4 25. Bf2 Qg5 26. Be3 Qf5 27. Qc2 Qd5 28.
c4 Qd6 29. c5 Qd5 30. Qb3 Qh5 31. Nd2 Qh4 32. Rg1 Nh5 33. Qxb7 Bb8 34. Nxe4
Ng3+ 35. Nxg3 Qxg3 36. f4 Qxe3 37. Rae1 Qxe1 38. Rxe1 Rxe1+ 39. Kh2 Bxf4+ 40.
g3 Bxg3+ 41. Kg2 Bh4+ 42. Kf3 Rf6+ 43. Kg2 Rf2# 0-1

[Event "WEM KT 2016"]
[Site "?"]
[Date "2016.08.28"]
[Round "2.1"]
[White "Fischer, Dietmar"]
[Black "Lelumees, Brait"]
[Result "1/2-1/2"]
[WhiteElo "1944"]
[BlackElo "2213"]
[PlyCount "102"]
[EventDate "2016.??.??"]
[WhiteTeam "SC Böblingen"]
[BlackTeam "SK Schwäbisch Hall"]

1. e4 c5 2. Nf3 d6 3. d4 cxd4 4. Nxd4 Nf6 5. Nc3 a6 6. Be3 e5 7. Nb3 Be6 8. f3
Be7 9. Qd2 Nbd7 10. g4 b5 11. g5 b4 12. Ne2 Nh5 13. Ng3 Nxg3 14. hxg3 a5 15. a4
bxa3 16. Rxa3 a4 17. Nc1 Rb8 18. Rxa4 Rxb2 19. f4 f5 20. Bd3 g6 21. Qc3 Rb1 22.
Qc6 O-O 23. Bc4 Bxc4 24. Qxc4+ Kg7 25. Qa2 Rb7 26. Nd3 fxe4 27. Rxe4 Qa8 28.
Qxa8 Rxa8 29. fxe5 Ra1+ 30. Nc1 Nxe5 31. O-O Ra3 32. Nb3 Bd8 33. Kg2 Rf7 34.
Rd1 Be7 35. Bf4 Ra2 36. Nd4 Nd7 37. Rde1 Bf8 38. R1e2 Nc5 39. Ne6+ Nxe6 40.
Rxe6 Rc7 41. Bxd6 Bxd6 42. Rxd6 Raxc2 43. Rxc2 Rxc2+ 44. Kf3 Rc7 45. Ra6 Kf7
46. Rb6 Ke7 47. Ra6 Rd7 48. Rb6 Rd6 49. Rxd6 Kxd6 50. Ke4 Ke6 51. g4 Kd6
1/2-1/2

[Event "WEM KT 2016"]
[Site "?"]
[Date "2016.08.28"]
[Round "2.2"]
[White "Gustain, Marc"]
[Black "Lüdke, Joshua"]
[Result "1-0"]
[WhiteElo "2131"]
[BlackElo "1934"]
[PlyCount "83"]
[EventDate "2016.??.??"]
[WhiteTeam "SF Deizisau"]
[BlackTeam "SV Marbach"]

1. d4 d5 2. Nf3 Nf6 3. c4 c6 4. Qc2 g6 5. Bf4 Bg7 6. e3 O-O 7. Nc3 a6 8. Be2
Bf5 9. Qb3 Ra7 10. O-O e6 11. c5 Nbd7 12. Rfc1 Ne4 13. Nxe4 Bxe4 14. Nd2 g5 15.
Bd6 Re8 16. Nxe4 dxe4 17. Rd1 Bf8 18. Bg3 f5 19. Bh5 Re7 20. Bd6 Nf6 21. Be2
Re8 22. Be5 Nd5 23. f3 exf3 24. Bxf3 g4 25. Be2 Qg5 26. Rd3 h5 27. Rf1 Bh6 28.
e4 fxe4 29. Rg3 Rf8 30. h3 Rxf1+ 31. Bxf1 Qc1 32. hxg4 h4 33. Rc3 Be3+ 34. Kh2
Qe1 35. Qc4 Qf2 36. Kh3 Qg1 37. g5 Bxg5 38. Qe2 Nxc3 39. Qh5 Qe3+ 40. Kg4 Bh6
41. Qg6+ Kf8 42. Bd6# 1-0

[Event "WEM KT 2016"]
[Site "?"]
[Date "2016.08.28"]
[Round "2.3"]
[White "Muschkowski, Jürgen"]
[Black "Kasüschke, Lars"]
[Result "1-0"]
[WhiteElo "2090"]
[BlackElo "1941"]
[PlyCount "51"]
[EventDate "2016.??.??"]
[WhiteTeam "SV Balingen"]
[BlackTeam "SG Schwäbisch Gmünd"]

1. d4 Nf6 2. Nf3 d5 3. Bf4 c5 4. e3 Nc6 5. c3 Bf5 6. Be2 e6 7. Nbd2 Be7 8. Ne5
O-O 9. g4 Be4 10. f3 Bg6 11. Nxg6 fxg6 12. Bg3 Nd7 13. f4 g5 14. f5 exf5 15.
gxf5 cxd4 16. exd4 g4 17. Qb3 Rc8 18. O-O-O Nf6 19. Be5 Re8 20. h3 gxh3 21.
Rxh3 Qb6 22. Qxb6 axb6 23. Bf3 Red8 24. Rdh1 Nd7 25. Bxd5+ Kf8 26. Rxh7 1-0

[Event "WEM KT 2016"]
[Site "?"]
[Date "2016.08.28"]
[Round "2.4"]
[White "Keller, Joachim"]
[Black "Schaffert, Walter"]
[Result "1-0"]
[WhiteElo "1901"]
[BlackElo "2069"]
[PlyCount "79"]
[EventDate "2016.??.??"]
[WhiteTeam "SK Bebenhausen"]
[BlackTeam "SG Ludwigsburg"]

1. e4 d5 2. exd5 Nf6 3. d4 Qxd5 4. Nf3 Bg4 5. Be2 Nc6 6. O-O O-O-O 7. Be3 Bxf3
8. Bxf3 Qd7 9. c3 e5 10. Qb3 e4 11. Be2 Bd6 12. c4 Ng4 13. h3 h5 14. c5 Bh2+
15. Kh1 Qf5 16. Qa4 Be5 17. dxe5 Qxe5 18. Bxg4+ hxg4 19. Nc3 f5 20. Ne2 Qf6 21.
Rad1 Rxd1 22. Rxd1 Kb8 23. Nf4 g5 24. Nd5 Qh6 25. Bd4 Rd8 26. Ne3 gxh3 27. g3
f4 28. Ng4 Qh5 29. f3 fxg3 30. Be5 Rf8 31. Qxe4 a6 32. Bxg3 Qf7 33. Ne5 Nxe5
34. Bxe5 Qxa2 35. Bxc7+ Ka8 36. Qe7 Rc8 37. Qd8 Qe6 38. Qxc8+ Qxc8 39. Rd8 Qxd8
40. Bxd8 1-0

[Event "WEM KT 2016"]
[Site "?"]
[Date "2016.08.28"]
[Round "2.5"]
[White "Fuß, Klaus"]
[Black "Engelhardt, Frank"]
[Result "1-0"]
[WhiteElo "2055"]
[BlackElo "1819"]
[PlyCount "53"]
[EventDate "2016.??.??"]
[WhiteTeam "SG Turm Albstadt"]
[BlackTeam "SC Botnang"]

1. f4 Nf6 2. g3 d5 3. Bg2 Nc6 4. Nf3 e6 5. d3 Bd6 6. O-O O-O 7. Nc3 d4 8. Ne4
Be7 9. Nxf6+ Bxf6 10. g4 Qd6 11. Nd2 Qc5 12. g5 Be7 13. Kh1 Nb4 14. a3 Nd5 15.
Nb3 Qb6 16. f5 Bd6 17. f6 g6 18. Qe1 Re8 19. Qh4 c5 20. Be4 Bd7 21. Rf3 Bc6 22.
Kg1 Kh8 23. Rh3 h5 24. Qg4 Kg8 25. Rxh5 Ne3 26. Bxe3 Bxe4 27. Rh6 1-0

[Event "WEM KT 2016"]
[Site "?"]
[Date "2016.08.28"]
[Round "2.6"]
[White "Schömbs, Oliver"]
[Black "Gehringer, Frank"]
[Result "0-1"]
[WhiteElo "1874"]
[BlackElo "2010"]
[PlyCount "94"]
[EventDate "2016.??.??"]
[WhiteTeam "SC Ingersheim"]
[BlackTeam "SC Leinfelden"]

1. c4 e5 2. g3 Nf6 3. Bg2 c6 4. d4 exd4 5. Qxd4 d5 6. Nf3 Be7 7. cxd5 cxd5 8.
Nc3 Nc6 9. Qa4 O-O 10. O-O Be6 11. Rd1 Qa5 12. Qxa5 Nxa5 13. Nd4 Rac8 14. Nxe6
fxe6 15. Bh3 Kf7 16. Bg5 Nc4 17. Bxf6 Bxf6 18. Nxd5 exd5 19. Bxc8 Rxc8 20. Rxd5
Bxb2 21. Rd7+ Ke6 22. Rad1 Be5 23. Rxb7 Rc7 24. Rxc7 Bxc7 25. Rc1 Kd5 26. e4+
Kd4 27. f4 Bb6 28. Kh1 Ne3 29. e5 Kd5 30. h3 h6 31. Kh2 g5 32. Rc8 gxf4 33.
gxf4 Nf5 34. Kg2 Ke4 35. Rc4+ Bd4 36. e6 Ne3+ 37. Kg3 Nxc4 38. Kg4 Ne3+ 39. Kh5
Nf5 40. Kg6 Kxf4 41. Kf7 Kg3 42. e7 Nxe7 43. Kxe7 Kxh3 44. Ke6 Kg3 45. Kd5 Bf2
46. Ke4 h5 47. Kd3 h4 0-1